Common vetch and its varieties.

Bibliographic Details
Format: Government Document eBook
Language:English
Published: [Washington] : GPO, 1925.
Series:Agric. Dept. Bull. No. 1289
Subjects:
Online Access:Connect to the full text of this electronic document

MARC

Tag First Indicator Second Indicator Subfields
LEADER 00000cam a22000001a 4500
001 in00003784321
005 20190408184143.0
006 m o d f
007 cr bn mmmapmmp
008 141210s1925 dcu o f000 0 eng d
035 |a ebd1910501503 
040 |a UMI  |c UMI  |d UtOrBLW 
086 0 |a A 1.3:1289 
099 |a A1.3-1289 
245 0 0 |a Common vetch and its varieties. 
264 1 |a [Washington] :  |b GPO,  |c 1925. 
300 |a 1 online resource (20 pages) 
336 |a text  |b txt  |2 rdacontent 
337 |a computer  |b c  |2 rdamedia 
338 |a online resource  |b cr  |2 rdacarrier 
490 0 |a Agric. Dept. Bull. No. 1289 
533 |a Electronic reproduction.  |b [Bethesda, Md.] :  |c ProQuest,  |d 2014.  |e digital, PDF file.  |n ProQuest U.S. Executive Branch Documents  |n Mode of access: World Wide Web via ProQuest website. 
588 |a Record is based on online resource; title from PDF title page (ProQuest, last viewed Dec. 2014). Reuse except for individual research requires license from ProQuest, LLC. 
500 |a Electronic resource. 
650 0 |a Agricultural productivity.  |0 http://id.loc.gov/authorities/subjects/sh85002401 
650 0 |a Legumes.  |0 http://id.loc.gov/authorities/subjects/sh85075872 
650 0 |a Seeds.  |0 http://id.loc.gov/authorities/names/no2006006540 
651 0 |a Oregon.  |0 http://id.loc.gov/authorities/names/n79021953 
655 7 |a Electronic books.  |2 local 
856 4 0 |u http://proxy.library.tamu.edu/login?url=http://congressional.proquest.com/congressional/docview/t66.d71.a1.3-1289  |z Connect to the full text of this electronic document  |t 0 
999 f f |s b3db32be-cafc-35f8-8d12-e11a75ec5019  |i 538ecbbe-7b44-3f8e-9eb1-2ea88d991133  |t 0 
952 f f |a Texas A&M University  |b College Station  |c Electronic Resources  |d Available Online  |t 0  |h No information provided 
998 f f |t 0  |l Available Online